[Event "Pardubice Czech op-A 31st"]
[Site "Pardubice"]
[Date "2020.09.28"]
[Round "9"]
[White "Hajek, Zdenek"]
[Black "Pychova, Nela"]
[Result "1/2-1/2"]
[WhiteElo "1940"]
[BlackElo "2159"]
[PlyCount "50"]
[EventDate "2020.09.21"]
[EventType "swiss"]
[EventRounds "9"]
[EventCountry "CZE"]
[SourceTitle "CBM 198 Extra"]
[Source "ChessBase"]
[SourceDate "2020.11.30"]
[SourceVersion "1"]
[SourceVersionDate "2020.11.30"]
[SourceQuality "1"]

1. e4 c5 2. c3 d5 3. exd5 Qxd5 4. Nf3 Nc6 5. d4 Bg4 6. Be2 Nf6 7. h3 Bxf3 8. Bxf3 Qe6+ 9. Be3 Rd8 10. 0-0 g6 11. Qa4 cxd4 12. cxd4 Qd7 13. Nc3 Nxd4 14. Qxd7+ Rxd7 15. Bxd4 Rxd4 16. Bxb7 Bh6 17. Bc6+ Kf8 18. Rfd1 Rb4 19. Rd8+ Kg7 20. Rxh8 Kxh8 21. b3 Bd2 22. Nd5 Nxd5 23. Bxd5 Kg7 24. Bc4 Rb6 25. Kf1 Rd6 1/2-1/2